000 01684cam a2200361 i 4500
001 ocn897946221
003 EG-ScBUE
005 20240529132702.0
008 141204t2015 enk f b 001 0 eng d
020 _a9780190222741
040 _aDLC
_beng
_erda
_cDLC
_dYDX
_dYDXCP
_dBDX
_dORX
_dOCLCO
_dEG-ScBUE
043 _aaw-----
082 0 4 _222
_a956.054
_bGEL
100 1 _aGelvin, James L.,
_d1951-
_eauthor.
_929306
245 1 4 _aThe Arab uprisings :
_bwhat everyone needs to know /
_cJames L. Gelvin.
250 _aSecond edition.
264 1 _aOxford :
_bOxford University Press,
_c[2015]
264 4 _cc2015
300 _axii, 210 pages ;
_c21 cm
336 _2rdacontent
_atext
_btxt
337 _aunmediated
_2rdamedia
_bn
338 _avolume
_bnc
_2rdacarrier
504 _aIncludes bibliographical references and index.
520 _a"The Arab Uprisings: What Everyone Needs to Know answers readers' questions about the history and current state of the Arab world and addresses all aspects of the uprisings of 2010 to 2011, including their causes, the role of social media, the diverse paths they have taken, the role of the United States and the uprisings' impact on the United States, and possible outcomes"--
650 7 _aProtest movements
_zArab countries
_xHistory
_y21st century.
_2BUEsh
_928748
650 7 _aProtest movements
_zMiddle East
_xHistory
_y21st centur.y
_2BUEsh
_928747
651 7 _aArab countries
_xPolitics and government
_y21st century.
_2BUEsh
_928746
651 7 _aMiddle East
_xPolitics and government
_y21st century.
_2BUEsh
_922790
653 _bLLAAWW
_cJuly2016
655 _vReading book
942 _2ddc
_cBB
999 _c22046
_d22018